| 000 | 00358nam a2200157Ia 4500 | ||
|---|---|---|---|
| 003 | OSt | ||
| 005 | 20240302110239.0 | ||
| 008 | 170524s9999 xx 000 0 und d | ||
| 020 | _a9789351341857, | ||
| 040 | _cIIMT UNIVERSITY MEERUT | ||
| 100 | _aBeiser Arthur | ||
| 245 | 0 | _aConcept of Modern Physics | |
| 260 | _bTMH | ||
| 260 | _c2007 | ||
| 942 |
_2ddc _c02 |
||
| 999 |
_c5392 _d5392 |
||